Statistics for Hold my hand - Jess Glynne, lyrics

Click here to take the quiz!

General Stats

  • This quiz has been taken 4 times
  • The average score is 319 of 361

Answer Stats

Answer% Correct
A
100%
All
100%
All,
100%
Alone
100%
And
100%
Arms
100%
Around
100%
Bones
100%
Break
100%
‘Cause
100%
Crowded
100%
Darling,
100%
Darling
100%
Denying
100%
Don’t
100%
Empty
100%
Everything’s
100%
Face
100%
Fall
100%
Fall,
100%
Falling
100%
For
100%
Gonna
100%
Hand?
100%
Hand
100%
I
100%
I’m
100%
In
100%
Just
100%
Leave
100%
Me
100%
Me,
100%
My
100%
Next
100%
Okay
100%
On
100%
Put
100%
Ready
100%
Rising
100%
Room
100%
So
100%
Space
100%
Standing
100%
Tell
100%
The
100%
This,
100%
Tide
100%
To
100%
Understand?
100%
Walk
100%
Wanna
100%
When
100%
Will
100%
Won’t
100%
You
100%
Your
100%
You’ve
100%
Against
67%
Anymore
67%
Be
67%
But
67%
Can
67%
Can’t
67%
Cold
67%
Feeling
67%
Got
67%
Hold
67%
Melting
67%
Mind,
67%
Moment
67%
Need
67%
Never
67%
No
67%
No,
67%
Not
67%
Oh,
67%
Oh
67%
Own
67%
Pot
67%
Rise
67%
Round
67%
Running
67%
See
67%
Stop
67%
That
67%
There’s
67%
You’re
67%
Afraid
33%
Is
33%
Know
33%
Like
33%
Please
33%
Release
33%
Release)
33%
Them
33%
Tryna
33%
Where
33%
Find
0%
(Find
0%
Let
0%
Make
0%
Soul
0%
Wait,
0%

Score Distribution

Percentile by Number Answered

Percent of People with Each Score

Your Score History

You have not taken this quiz